al-Lahajāt al-ʻArabīyah al-ḥadīthah fī al-Yaman, (Record no. 50949)

MARC details
000 -LEADER
fixed length control field 00791cam a22002291 4500
001 - CONTROL NUMBER
control field ne 68004139
003 - CONTROL NUMBER IDENTIFIER
control field DLC
005 - DATE AND TIME OF LATEST TRANSACTION
control field 20260227111849.0
008 - FIXED-LENGTH DATA ELEMENTS--GENERAL INFORMATION
fixed length control field 900913s1968 ua 000 0 arar
010 ## - LIBRARY OF CONGRESS CONTROL NUMBER
LC control number ne 68004139
025 ## - OVERSEAS ACQUISITION NUMBER
Overseas acquisition number PL480:UAR-9754
035 ## - SYSTEM CONTROL NUMBER
System control number (OCoLC)22369764
040 ## - CATALOGING SOURCE
Original cataloging agency DLC
Transcribing agency WaU
Modifying agency DLC
042 ## - AUTHENTICATION CODE
Authentication code premarc
043 ## - GEOGRAPHIC AREA CODE
Geographic area code a-ye---
050 00 - LIBRARY OF CONGRESS CALL NUMBER
Classification number PJ6871
Item number .K3
100 1# - MAIN ENTRY--PERSONAL NAME
Personal name Kāmil, Murād.
245 13 - TITLE STATEMENT
Title al-Lahajāt al-ʻArabīyah al-ḥadīthah fī al-Yaman,
Statement of responsibility, etc. muḥāḍarāt alqāha Murād Kāmil ʻalá ṭalibat qism al-dirāsāt al-adabīyah wa-al-lughawīyah.
260 ## - PUBLICATION, DISTRIBUTION, ETC.
Place of publication, distribution, etc. [al-Qāhirah]
Name of publisher, distributor, etc. Jāmiʻat al-Duwal al-ʻArabīyah, Maʻhad al-Buḥūth wa-al-Dirāsāt al-ʻArabīyah,
Date of publication, distribution, etc. 1968.
300 ## - PHYSICAL DESCRIPTION
Extent 95 p.
Dimensions 24 cm
650 #0 - SUBJECT ADDED ENTRY--TOPICAL TERM
Topical term or geographic name entry element Arabic language
General subdivision Dialects
Geographic subdivision Yemen.

No items available.

Powered by Koha